00567 2200229 4500001002100000005001700021008004100038020001800079035002400097082000800121084001800129090001800147100001700165245001300182250000900195260004100204300003100245650001000276850001400286990001900300990001800319INLIS00000000000004820151019133234.0  a979-461-625-7 0010-101500000000003 a398 aF.Rom D Oet p aF.Rom D Oet p aChris Oetoyo aPink Boy aEd.1 aJakarta: Pustaka Obor Populer, 2007. aix, 203 hlm.; ilus,; 21 cm aFiksi aNLOP KPAD a21.404/sumb/09 a12625/PN/2015